000 00414nam a2200181Ia 4500
001 23745
005 20260414150957.0
008 260414t1996||||xx |||||||||||||| ||spa||
041 _aESP
082 _a704
_bF39
100 _aFernández, Antonio
_eAUT
245 0 _aHistoria del arte
_b
260 _c1996
300 _a568 páginas :
_c28 cm.
650 _aABD
654 _aCAU
942 _cLIB
_dJUS
_fJUS
_2ddc
_n
999 _c23745
_d23745